| 000 | 00719nam a22002297a 4500 | ||
|---|---|---|---|
| 005 | 20150324143236.0 | ||
| 010 | _aENG-112246 | ||
| 020 | _c95.00 | ||
| 035 | _aEN-95778 | ||
| 037 | _bDBAD/PUB | ||
| 082 | _a181.4 | ||
| 100 | _aVenkat Reddy, R. | ||
| 245 |
_aPhilosophy : _cby R.Venkat Reddy, P.George Victor [and] K. Jayawanth Rao ; edited by R. Venkat Reddy _bIndian philosophy / |
||
| 260 |
_aHyderabad _bTelugu Akademi _c2012 |
||
| 270 |
_aTelugu Akademi _bHyderabad _e500029 |
||
| 300 |
_a230p. _b24cm(pbk) |
||
| 500 | _aIncludes bibliographical references | ||
| 700 | _aGeorge Victor, P. | ||
| 700 | _aJayawanth Rao,K. | ||
| 700 | _aVenkat Reddy,R. | ||
| 942 |
_2ddc _cEN _mVEN _h181.4 |
||
| 999 |
_c91943 _d91943 |
||